000 00893cam a22002531 4500
001 24584
003 BD-RjUL
005 20211209001054.0
008 140313s1947 1946 okua b s000 0beng
035 _a(BD-RjUL)24653
035 _a(BD-RjUL)24653
040 _aDLC
_cODaWU
_dBD-RjUL
_dBD-RjUL
_beng
041 _aeng
082 _a923.244
_bHAP 1947
100 1 _aHanna, Alfred Jackson,
_d1893-
_975659
245 1 2 _aA prince in their midst :
_bthe adventurous life of Achille Murat on the American frontier /
_cby A.J. Hanna, with drawings by John Rae.
260 _aNorman,
_bUniversity of Oklahoma Press,
_c1947.
300 _axi, 275 p. :
_billus. ;
_c21 cm.
504 _a"The writings of Achille Murat": p. 247-251. Bibliography: p. 254-267.
600 1 0 _aMurat, Achille,
_cPrince,
_d1801-1847.
_975667
942 _2ddc
_cBK
999 _c24584
_d24584